Trendy světové ekonomiky

Významné tendencie vo svetovom hospodárstve. Informačné systémy firmy IBM. Hospodárske komory pre podporu podnikania. Ruská ekonomika v polovici r. 1994. Poľnohospodárska produkcia postkomunistických krajín v 90. rokoch. Dlhodobá prognóza svetového dopytu po zemnom plyne.

Saved in:
Bibliographic Details
Main Author: Bucman, P.
Other Authors: Bajer, P., Stařík, J.
Format: Book Chapter
Language:Czech
Subjects:
Tags: Add Tag
No Tags, Be the first to tag this record!

MARC

LEADER 00000naa a2200000 4500
001 r024161
005 20221213082326.9
041 0 |a cze 
044 |a CZ 
245 1 0 |a Trendy světové ekonomiky  |c P. Bucman, P. Bajer, J. Stařík 
520 |a Významné tendencie vo svetovom hospodárstve. Informačné systémy firmy IBM. Hospodárske komory pre podporu podnikania. Ruská ekonomika v polovici r. 1994. Poľnohospodárska produkcia postkomunistických krajín v 90. rokoch. Dlhodobá prognóza svetového dopytu po zemnom plyne. 
610 2 0 |a hospodárstvo svetové 
610 2 0 |a systémy informačné 
610 2 0 |a IBM 
610 2 0 |a komory obchodné 
610 2 0 |a Česko 
610 2 0 |a hospodárstvo národné 
610 2 0 |a Rusko 
610 2 0 |a 1994 
610 2 0 |a výroba poľnohospodárska 
610 2 0 |a stredná Európa 
610 2 0 |a východná Európa 
610 2 0 |a plyn 
610 2 0 |a integrácia ekonomická medzinárodná 
610 2 0 |a Európa 
100 1 |a Bucman, P. 
700 1 |a Bajer, P. 
700 1 |a Stařík, J.